| 000 | 00362cam a22001097a 4500 | ||
|---|---|---|---|
| 008 | 180718b2003 xxu||||| |||| 00| 0 eng d | ||
| 082 | _aW4 C333 | ||
| 245 |
_aManagement issues in road transport: a book of readings _cby Central Institute of Road Transport |
||
| 260 |
_aPune _bCentral Institute of Road Transport _c2003 |
||
| 300 | _a107p. | ||
| 650 | _aTransportation | ||
| 999 |
_c403241 _d403241 |
||